Statistics for All Teams to Ever Play at Copa America (CONMEBOL)

Click here to take the quiz!

General Stats

  • This quiz has been taken 498 times
    (119 since last reset)
  • The average score is 17 of 19

Answer Stats

# Top Finish Team % Correct
44WinnerUruguay
100%
36WinnerBrazil
100%
42WinnerArgentina
100%
39WinnerChile
99%
10Runners-upMexico
98%
37WinnerParaguay
98%
32WinnerPeru
98%
44th PlaceUnited States
98%
27WinnerBolivia
97%
22WinnerColombia
97%
184th PlaceVenezuela
95%
294th PlaceEcuador
92%
2Group StageJapan
84%
5QuartersCosta Rica
81%
1Group StagePanama
79%
13rd PlaceHonduras
77%
2Group StageJamaica
69%
1Group StageQatar
68%
1Group StageHaiti
51%

Score Distribution

Percentile by Number Answered

Percent of People with Each Score

Your Score History

You have not taken this quiz since the last reset